000 00774nas a2200253 4500
001 BR7601081
003 BR-BrBNA
005 20231205082923.0
007 ta
008 230509b bl.|||p| |||| 00| 00por d
040 _aBR-BrBNA
_bpor
_cBiblioteca Nacional de Agricultura
041 _a(Pt)
072 _aF50
100 1 _aPaula, J.E. de
245 1 _aEstudos sobre Bombaceae, 2: Anatomia do lenho secundario de Catostemma albuquerquei Paula [Manaus, Amazonas]
650 _aESTRUTURA VEGETAL
650 _aCITOLOGIA VEGETAL
650 _aXILEMA
650 _aBOMBACACEAE
650 _aAMAZONAS
773 0 _tActa Amazonica (Brazil)
_xISSN 0044-5967
_g(Dec 1975), v. 5(3) p. 297-299
_wBR7601081
909 _a202311
_bLúcia
_c55
_dLúcia Elande
942 _2AGRIS
_n0
_cANA
999 _c95118
_d95118